000 01625cam a22002174a 4500
005 20250605164110.0
008 250528s ||||||||||||||||||||||||d
035 _a17865
020 _a9789600220841
040 _aGR-AtMCL
_bgre
_dGR-AtMCL
_eAACR2
245 1 _aΗ Θεατρική Αγωγή στο Δημοτικό Σχολείο / Μια Ψυχοκοινωνιολογική Προσέγγιση
260 _bΠαπαζήση,
_c2007
300 _a298
520 _aΗ Ερευνητική μελέτη που παρουσιάζεται σ'αυτό το βιβλίο σχετίζεται με την ανάπτυξη και την εφαρμογή κατάλληλων παιδαγωγικών παρεμβάσεων για τη διδασκαλία του μαθήματος της Θεατρικής Αγωγής στο δημοτικό σχολείο. Πρόλογος, Το Θεατρικό Παιχνίδι και τα Προβλήματα Διδασκαλίας του, Το Εννοιολογικό Πλαίσιο της Πειραματικής Έρευνας, Η Πειραματική Διαδικασία, Περιγραφή των Πειραματικών Παρεμβάσεων, Τα Ερευνητικά Αποτελέσματα, Επίλογος, Βιβλιογραφία, Παράρτημα, Ευρετήριο Προσώπων, Ευρετήριο Εννοιών και Όρων.
700 1 _aΚανέλλου Αγγελική
_94152
700 1 _aΠεφάνης Γιώργος Π
_94153
700 1 _aΤσιάρας Αστέριος
_94154
942 _cBK
999 _c3265
_d3265